[Event "Southend op"]
[Site "Southend"]
[Date "2024.04.01"]
[Round "9"]
[White "Petrov, Martin"]
[Black "Kirk, Ezra"]
[Result "1/2-1/2"]
[WhiteElo "2518"]
[BlackElo "2407"]
[PlyCount "64"]
[EventDate "2024.03.28"]
[EventType "swiss"]
[EventRounds "9"]
[EventCountry "ENG"]
[SourceTitle "CB14_2024"]
[SourceDate "2024.04.01"]
[SourceVersion "1"]
[SourceVersionDate "2024.04.01"]
[SourceQuality "1"]

1. e4 e6 2. d4 d5 3. Nc3 Nf6 4. e5 Nfd7 5. Nce2 c5 6. c3 Nc6 7. Nf3 Be7 8. h4 Qb6 9. a3 cxd4 10. cxd4 f6 11. exf6 Nxf6 12. Nc3 0-0 13. Bd3 Bd7 14. 0-0 Kh8 15. Bg5 Be8 16. Re1 Nxd4 17. Nxd4 Qxd4 18. Nb5 Qb6 19. Be3 Bc5 20. Bxc5 Qxc5 21. Rc1 Qb6 22. Nc7 Ne4 23. Bxe4 Qxf2+ 24. Kh1 Qxh4+ 25. Kg1 Qf2+ 26. Kh1 Qh4+ 27. Kg1 dxe4 28. Rf1 Bc6 29. Nxa8 Rxa8 30. Qd4 h6 31. Qe3 Qh5 32. Rf2 a6 1/2-1/2

[Event "Berlin Radtke Memorial op"]
[Site "Berlin"]
[Date "2023.10.28"]
[Round "8"]
[White "Petrov, Martin"]
[Black "Yelisieiev, Yevhenii"]
[Result "1-0"]
[WhiteElo "2500"]
[BlackElo "2411"]
[PlyCount "119"]
[EventDate "2023.10.23"]
[EventType "swiss"]
[EventRounds "9"]
[EventCountry "GER"]
[SourceTitle "Mega2024 Update 01"]
[Source "Chessbase"]
[SourceDate "2023.11.12"]
[SourceVersion "1"]
[SourceVersionDate "2023.11.12"]
[SourceQuality "1"]

1. e4 c5 2. Nf3 e6 3. d4 cxd4 4. Nxd4 a6 5. c4 Nf6 6. Nc3 Bb4 7. Bd2 0-0 8. e5 Bxc3 9. Bxc3 Ne4 10. Qc2 Nxc3 11. Qxc3 d5 12. exd6 Qxd6 13. 0-0-0 e5 14. Nf3 Qh6+ 15. Qd2 Qxd2+ 16. Rxd2 f6 17. Bd3 Bd7 18. Rhd1 Bc6 19. Bf5 a5 20. Be6+ Kh8 21. Bd5 Rc8 22. Be6 Re8 23. Bf7 Rf8 24. Bd5 Rc8 25. Be6 Re8 26. Nh4 Na6 27. Bd7 Bxd7 28. Rxd7 Nc5 29. Rc7 Rac8 30. Rxc8 Rxc8 31. Nf5 Ne6 32. b3 g6 33. Nd6 Rc7 34. Ne8 Rf7 35. Rd6 Nf4 36. Rxf6 Rxf6 37. Nxf6 Nxg2 38. Nd7 Kg7 39. Kd2 Kf7 40. Nxe5+ Ke6 41. Nd3 b6 42. Ke2 Nh4 43. Ke3 Nf5+ 44. Ke4 Nd6+ 45. Kf4 Kf6 46. Ke3 g5 47. Kd4 Ke6 48. c5 Nb5+ 49. Ke3 bxc5 50. Nxc5+ Kf5 51. Nb7 a4 52. bxa4 Nc3 53. a5 Nxa2 54. a6 Nb4 55. a7 Nd5+ 56. Kd4 Nc7 57. Kc5 Kg4 58. Kc6 Na8 59. Nd6 Kh3 60. Kb7 1-0

[Event "Berlin Radtke Memorial op"]
[Site "Berlin"]
[Date "2023.10.26"]
[Round "6"]
[White "Petrov, Martin"]
[Black "Schmidek, Emil"]
[Result "1/2-1/2"]
[WhiteElo "2500"]
[BlackElo "2433"]
[PlyCount "66"]
[EventDate "2023.10.23"]
[EventType "swiss"]
[EventRounds "9"]
[EventCountry "GER"]
[SourceTitle "Mega2024 Update 01"]
[Source "Chessbase"]
[SourceDate "2023.11.12"]
[SourceVersion "1"]
[SourceVersionDate "2023.11.12"]
[SourceQuality "1"]

1. e4 c6 2. d4 d5 3. e5 Bf5 4. Nf3 e6 5. Be2 Ne7 6. 0-0 Ng6 7. h3 h5 8. Ne1 c5 9. c3 Nc6 10. Na3 cxd4 11. cxd4 Qb6 12. Nac2 h4 13. Bd3 Nge7 14. Nf3 Bxd3 15. Qxd3 Nf5 16. Bd2 Be7 17. b4 a6 18. a4 0-0 19. b5 Na5 20. Ne3 Nxe3 21. Bxe3 axb5 22. Bg5 Qd8 23. Bxe7 Qxe7 24. Qxb5 Rfc8 25. Rfc1 Rxc1+ 26. Rxc1 Nc4 27. Rb1 b6 28. Qc6 Ra5 29. Kh2 Kh7 30. Rb5 Ra7 31. Rb3 Ra5 32. Rb5 Ra7 33. Rb3 Ra5 1/2-1/2

[Event "Plovdiv Tringov Memorial 45th"]
[Site "Plovdiv"]
[Date "2023.08.11"]
[Round "8"]
[White "Tilicheev, Viacheslav"]
[Black "Petrov, Martin"]
[Result "1/2-1/2"]
[WhiteElo "2489"]
[BlackElo "2499"]
[PlyCount "25"]
[EventDate "2023.08.06"]
[EventType "swiss"]
[EventRounds "9"]
[EventCountry "BUL"]
[SourceTitle "EXT 2024"]
[Source "ChessBase"]
[SourceDate "2023.10.10"]
[SourceVersion "1"]
[SourceVersionDate "2023.10.10"]
[SourceQuality "1"]

1. d4 Nf6 2. c4 e6 3. g3 d5 4. Nf3 Bb4+ 5. Bd2 Be7 6. Bg2 0-0 7. 0-0 Nbd7 8. Nc3 c6 9. Bf4 Nh5 10. Bc1 Nhf6 11. Bf4 Nh5 12. Bc1 Nhf6 13. Bf4 1/2-1/2

[Event "Shumen Stojan Ivanov Memorial"]
[Site "Shumen"]
[Date "2023.07.29"]
[Round "6"]
[White "Dimitrov, Radoslav"]
[Black "Petrov, Martin"]
[Result "1-0"]
[WhiteElo "2457"]
[BlackElo "2431"]
[PlyCount "45"]
[EventDate "2023.07.28"]
[EventType "swiss (rapid)"]
[EventRounds "11"]
[EventCountry "BUL"]
[SourceTitle "CBM 215 Extra"]
[Source "ChessBase"]
[SourceDate "2023.09.30"]
[SourceVersion "1"]
[SourceVersionDate "2023.09.30"]
[SourceQuality "1"]

1. c4 e6 2. Nc3 d5 3. d4 Nf6 4. Bg5 Be7 5. e3 0-0 6. cxd5 exd5 7. Bd3 h6 8. Bh4 Re8 9. Nge2 Nbd7 10. 0-0 c6 11. f3 c5 12. Rc1 a6 13. Bf2 b5 14. Ng3 Nb6 15. dxc5 Bxc5 16. Nxb5 Nc4 17. Bxc4 dxc4 18. Qxd8 Rxd8 19. Nc3 Be6 20. e4 Nd7 21. Rfd1 Bxf2+ 22. Kxf2 Ne5 23. Rxd8+ 1-0

[Event "Shumen Stojan Ivanov Memorial"]
[Site "Shumen"]
[Date "2023.07.29"]
[Round "7"]
[White "Petrov, Martin"]
[Black "Ivanov, Bogidar"]
[Result "1-0"]
[WhiteElo "2431"]
[BlackElo "2189"]
[PlyCount "87"]
[EventDate "2023.07.28"]
[EventType "swiss (rapid)"]
[EventRounds "11"]
[EventCountry "BUL"]
[SourceTitle "CBM 215 Extra"]
[Source "ChessBase"]
[SourceDate "2023.09.30"]
[SourceVersion "1"]
[SourceVersionDate "2023.09.30"]
[SourceQuality "1"]

1. e4 c5 2. Nf3 Nc6 3. d4 cxd4 4. Nxd4 Nf6 5. Nc3 e6 6. Ndb5 d6 7. Bf4 e5 8. Bg5 a6 9. Na3 b5 10. Nd5 Be7 11. Bxf6 Bxf6 12. c3 Bg5 13. Nc2 0-0 14. a4 bxa4 15. Rxa4 a5 16. Bc4 Bd7 17. Ra2 a4 18. Bb5 Nb8 19. Qe2 Bxb5 20. Qxb5 Nd7 21. Ncb4 Nc5 22. 0-0 Ra5 23. Qe2 Qd7 24. Nb6 Qe6 25. N4d5 Ra6 26. b4 Rxb6 27. Nxb6 Nxe4 28. Nxa4 f5 29. c4 d5 30. cxd5 Qxd5 31. Nb6 Qb7 32. Qa6 Qe7 33. Qc4+ Kh8 34. Rd1 Qb7 35. Nd5 h6 36. b5 Rc8 37. Ra7 Qb8 38. Rc7 Rd8 39. Qc6 Kh7 40. b6 Nd2 41. h4 Bf4 42. h5 Kh8 43. Qg6 Rg8 44. Nf6 1-0

[Event "Titled Tuesday intern op 11th Apr Early"]
[Site "Chess.com INT"]
[Date "2023.04.11"]
[Round "9"]
[White "Petrov, Martin"]
[Black "Dyachuk, Artem"]
[Result "1-0"]
[WhiteElo "2496"]
[BlackElo "2298"]
[PlyCount "59"]
[EventDate "2023.04.11"]
[EventType "swiss (blitz)"]
[EventRounds "11"]
[EventCountry "USA"]
[SourceTitle "CBM 213 Extra"]
[Source "ChessBase"]
[SourceDate "2023.05.31"]
[SourceVersion "1"]
[SourceVersionDate "2023.05.31"]
[SourceQuality "1"]

1. d4 Nf6 2. c4 c5 3. d5 e6 4. Nc3 exd5 5. cxd5 d6 6. e4 g6 7. f4 Bg7 8. Bb5+ Nfd7 9. a4 0-0 10. Nf3 Re8 11. 0-0 Na6 12. Re1 Nb4 13. Be3 a6 14. Bf1 Nf6 15. Bf2 Ng4 16. Bh4 Qb6 17. a5 Qa7 18. Na4 c4+ 19. Nb6 Bd7 20. Bxc4 Rac8 21. Qb3 Nc2 22. Qxc2 Bb5 23. b3 Bxa1 24. Rxa1 Rc5 25. Kh1 Bxc4 26. bxc4 f5 27. exf5 Ne3 28. Qd3 Nxc4 29. Nxc4 Rec8 30. Nfd2 1-0